00581 2200241 4500001002100000008004100021035001900062245006900081100001100150110001100161250000500172260004400177300002600221020001900247022001800266024000500284084001300289520000500302082000700307650000500314863000500319990001500324INLIS000000000000012 Ind $a 0010-1222000011$a BILA KITA PERCAYA CINTA : $b BILA KITA PERCAYA CINTA / $c MEYLANI$a MEYLANI$a MEYLANI$a I$a Jakarta $b PUSTAKA POPULER OBOR $c 2004 $a 68 hlm. ; $c 17x25 cm.$a 978-222-666-444$a 856-225-456-78$a -$a 800 MEY b$a -$a 800$a -$a 1$a 1481/p/2018